Indian economic thought: Nineteenth centrury perspectives (Record no. 33110)

MARC details
000 -LEADER
fixed length control field 00307nam a2200109Ia 4500
082 ## - DEWEY DECIMAL CLASSIFICATION NUMBER
Classification number 330.1
Item number GAN
100 ## - MAIN ENTRY--AUTHOR NAME
Personal name GANGULI, B N
245 #0 - TITLE STATEMENT
Title Indian economic thought: Nineteenth centrury perspectives
260 ## - PUBLICATION, DISTRIBUTION, ETC. (IMPRINT)
Place of publication New Delhi
Name of publisher Tata McGraw Hill
Year of publication 1978
942 ## - ADDED ENTRY ELEMENTS (KOHA)
Koha item type Books
Holdings
Withdrawn status Lost status Damaged status Not for loan Home library Current library Date acquired Full call number Accession Number Koha item type
        RRII Library RRII Library 16/12/2021 330.1 GAN 13611 Books